000
00289nam a2200121Ia 4500
005
20251222144644.0
008
251222s9999||||xx |||||||||||||| ||spa||
082
_a
401.9/F81
100
_a
Fraisse, Paul
245
0
_a
Lenguaje, Comunicación y Decisión
264
_b
Paidós
942
_c
LIB
999
_c
16782
_d
16782